Pete the cat : (Record no. 2215)

MARC details
000 -LEADER
fixed length control field 01218cam a2200373 a 4500
001 - CONTROL NUMBER
control field 2215
003 - CONTROL NUMBER IDENTIFIER
control field FISKH
005 - DATE AND TIME OF LATEST TRANSACTION
control field 20250519152059.0
008 - FIXED-LENGTH DATA ELEMENTS--GENERAL INFORMATION
fixed length control field 090518r20102008nyua b 000 1 eng
010 ## - LIBRARY OF CONGRESS CONTROL NUMBER
LC control number 2009928950
020 ## - INTERNATIONAL STANDARD BOOK NUMBER
International Standard Book Number 9780061906220 (trade bdg.)
020 ## - INTERNATIONAL STANDARD BOOK NUMBER
International Standard Book Number 9780061076237 (lib. bdg.)
020 ## - INTERNATIONAL STANDARD BOOK NUMBER
International Standard Book Number 9780545419666
040 ## - CATALOGING SOURCE
Original cataloging agency DLC
Transcribing agency DLC
Language of cataloging eng
042 ## - AUTHENTICATION CODE
Authentication code lcac
050 00 - LIBRARY OF CONGRESS CALL NUMBER
Classification number PZ7.L7376
Item number Pet 2010
082 00 - DEWEY DECIMAL CLASSIFICATION NUMBER
Classification number 813.6
Edition number 22
100 1# - MAIN ENTRY--PERSONAL NAME
Personal name Litwin, Eric.
245 10 - TITLE STATEMENT
Title Pete the cat :
Remainder of title I love my white shoes /
Statement of responsibility, etc. story by Eric Litwin (aka Mr. Eric) ; art by James Dean.
246 30 - VARYING FORM OF TITLE
Title proper/short title I love my white shoes
260 ## - PUBLICATION, DISTRIBUTION, ETC.
Place of publication, distribution, etc. New York :
Name of publisher, distributor, etc. Scholastic,
Date of publication, distribution, etc. 2008
300 ## - PHYSICAL DESCRIPTION
Extent 40 unnumbered pages :
Other physical details color illustrations ;
Dimensions 28 cm
505 ## - FORMATTED CONTENTS NOTE
Formatted contents note I<br/>
520 ## - SUMMARY, ETC.
Summary, etc. As he walks down the street, Pete the cat sings about his brand new white shoes as they change from red to blue to brown to wet.
521 1# - TARGET AUDIENCE NOTE
Target audience note 460<br/>
Source Lexile AD<br/>
521 1# - TARGET AUDIENCE NOTE
Target audience note I<br/>
Source Raz-Plus<br/>
650 #1 - SUBJECT ADDED ENTRY--TOPICAL TERM
Topical term or geographic name entry element Cats
Form subdivision Fiction.
650 #1 - SUBJECT ADDED ENTRY--TOPICAL TERM
Topical term or geographic name entry element Shoes
Form subdivision Fiction
650 #1 - SUBJECT ADDED ENTRY--TOPICAL TERM
Topical term or geographic name entry element Color
Form subdivision Fiction.
650 #1 - SUBJECT ADDED ENTRY--TOPICAL TERM
Topical term or geographic name entry element Singing
Form subdivision Fiction.
700 1# - ADDED ENTRY--PERSONAL NAME
Personal name Dean, James,
Dates associated with a name 1957-
Relator term illustrator
906 ## - LOCAL DATA ELEMENT F, LDF (RLIN)
a 7
b cbc
c orignew
d 2
e epcn
f 20
g y-gencatlg
942 ## - ADDED ENTRY ELEMENTS (KOHA)
Source of classification or shelving scheme Dewey Decimal Classification
Koha item type Books
Suppress in OPAC No
Holdings
Withdrawn status Lost status Source of classification or shelving scheme Damaged status Not for loan Collection Home library Current library Shelving location Date acquired Total Checkouts Full call number Barcode Date last seen Date last checked out Copy number Price effective from Koha item type
    Dewey Decimal Classification     Juvenile Fiction Footprints International School Library Network Toul Kork Campus Footprints International School Library Network Toul Kork Campus TK Primary Library Room(4th Floor), Bookcase 1&2, Shelves 1-16, Dark Blue Books 11/10/2023 1 LIT 813.6 PZ7.L7376 FISBK05073 03/14/2024 02/07/2024 1 11/10/2023 Books
    Dewey Decimal Classification     Juvenile Fiction Footprints International School Library Network Toul Kork Campus Footprints International School Library Network Toul Kork Campus TK Primary Library Room(4th Floor), Bookcase 1&2, Shelves 1-16, Dark Blue Books 11/10/2023 2 LIT 813.6 PZ7.L7376 FISBK05086 07/08/2024 07/01/2024 2 11/10/2023 Books
    Dewey Decimal Classification     Juvenile Fiction Footprints International School Library Network Toul Kork Campus Footprints International School Library Network Toul Kork Campus TK Primary Library Room(4th Floor), Bookcase 1&2, Shelves 1-16, Dark Blue Books 05/16/2024 1 LIT 813.6 PZ7.L7376 FISTK01937 02/13/2025 02/05/2025 3 05/16/2024 Books
    Dewey Decimal Classification     Juvenile Fiction Footprints International School Library Network Toul Tom Poung Campus Footprints International School Library Network Toul Tom Poung Campus TTP Primary Dark Blue Bookshelves 05/19/2025   LIT 813.6 PZ7.L7376 2025-1323 05/19/2025   4 05/19/2025 Books
    Dewey Decimal Classification     Juvenile Fiction Footprints International School Library Network Toul Tom Poung Campus Footprints International School Library Network Toul Tom Poung Campus TTP Primary Dark Blue Bookshelves 05/19/2025   LIT 813.6 PZ7.L7376 2025-1329 05/19/2025   5 05/19/2025 Books